000 00989cam a2200217 a 4500
001 000014144
005 20200929163507.0
008 790717s1978 ve b f000 0 spa d
010 _a 79105973
020 _cBs13.00
040 _aDO-SdBNP
_bspa
_cBNPHU
082 _axxx
_bG491e
100 1 _aGimón Zerpa, José Antonio,
_d1950-1976.
_931986
245 1 0 _aEnsayos sobre la realidad económico-social latinoamericana /
_cJosé Antonio Gimón Zerpa.
260 _aCaracas, (Venezuela) :
_bUniversidad Central de Venezuela, Facultad de Ciencias Económicas y Sociales; Instituto de Investigaciones,
_c1978.
300 _a159, [1] p. ;
_c19 cm.
490 1 _aLibros
504 _aIncluye referencias bibliográficas y notas al pie de las páginas
505 0 _aLa teoría de la dependencia en América Latina, según Theotonio Dos Santos -- Brasil: 1945-1970 --Teoría del imperialismo (antecedentes) -- Resumen histórico del sector extranjero (Venzuela).
830 0 _aLibros
_930631
999 _c13746
_d13746